[Event "GER-ch U10"]
[Site "Willingen"]
[Date "2023.05.29"]
[Round "4"]
[White "Gendzelevsky, Stefan"]
[Black "Obermair, Hannes"]
[Result "1/2-1/2"]
[WhiteElo "1442"]
[BlackElo "1320"]
[PlyCount "157"]
[EventDate "2023.05.27"]
[EventType "swiss"]
[EventRounds "11"]
[EventCountry "GER"]
[SourceTitle "CBM 214 Extra"]
[Source "ChessBase"]
[SourceDate "2023.07.31"]
[SourceVersion "1"]
[SourceVersionDate "2023.07.31"]
[SourceQuality "1"]

1. e4 c5 2. Nc3 Nc6 3. f4 g6 4. Nf3 Bg7 5. Bc4 d6 6. 0-0 Bg4 7. d3 Nd4 8. Bxf7+ Kf8 9. Bxg8 Bxf3 10. gxf3 Kxg8 11. Kh1 Kf7 12. Ne2 Nc6 13. c3 Rf8 14. Qb3+ Ke8 15. Rd1 Qd7 16. d4 Qh3 17. Ng1 Qc8 18. e5 dxe5 19. fxe5 cxd4 20. cxd4 b6 21. Be3 Qb7 22. Qd5 Rd8 23. Qe4 Qd7 24. Rac1 Na5 25. Bf4 Qf5 26. Qxf5 Rxf5 27. Ne2 g5 28. Bg3 Rxf3 29. Ng1 Rf5 30. b4 Nb7 31. Rc7 Rd7 32. Rdc1 Nd8 33. Ne2 Ne6 34. Rxd7 Kxd7 35. Kg2 g4 36. d5 Nd8 37. Rf1 Rxf1 38. Kxf1 e6 39. dxe6+ Kxe6 40. Nd4+ Kd5 41. Nb5 Nc6 42. Nc7+ Kc4 43. e6 Kxb4 44. Bd6+ Kc4 45. e7 Nxe7 46. Bxe7 Be5 47. Ne6 Bxh2 48. Ng5 h6 49. Ne4 Kd5 50. Nf6+ Ke6 51. Nxg4 Kxe7 52. Nxh2 b5 53. Ke2 Kd6 54. Kd3 Kc5 55. Kc3 a5 56. Nf3 h5 57. Nh4 b4+ 58. Kb3 Kb5 59. Kb2 Kc4 60. Nf5 a4 61. Nh4 a3+ 62. Kc2 b3+ 63. axb3+ Kb4 64. Ng6 a2 65. Kb2 a1Q+ 66. Kxa1 Kxb3 67. Kb1 Kc4 68. Kc2 Kd4 69. Kd2 Ke4 70. Ke2 Kf5 71. Kf3 Kxg6 72. Kg2 Kg5 73. Kg1 Kg4 74. Kg2 h4 75. Kh1 h3 76. Kh2 Kh4 77. Kh1 Kg3 78. Kg1 h2+ 79. Kh1 1/2-1/2